000
00356nam a2200157Ia 4500
008
231217s9999 xx 000 0 und d
041
_a
English
082
_a
659.1 WHI;1 `R'
100
_a
White, Roderick
245
0
_a
Advertising
250
_a
4th ed.
260
_c
2000
_b
MGH, London
300
_a
vii+317
650
_a
Advertising
942
_c
AA
999
_c
167741
_d
167741